Missing Word: Top Animated TV Shows Quiz Stats

 Plays Quiz Updated Aug 14, 2018

Challenge
Share
Tweet
Embed
Score 0/20 Timer 04:00
2 Plays Today
Rank Missing Word % Correct
#24Where
98.7%
#15SpongeBob
98.7%
#7Family
97.7%
#55Ninja
97.1%
#60Dale
87.9%
#71Johnny
86.3%
#12Ren
83%
#78Ball
80.9%
#27Hill
79.7%
#47Pinky
79.5%
Rank Missing Word % Correct
#67Panther
75%
#100Pussycats
74.6%
#20League
72.3%
#35Airbender
70.8%
#89Clone
64.6%
#42Powerpuff
56.8%
#39Hunger
53%
#57Invader
40.8%
#96Animated
38.2%
#77Quest
34.6%

Today's Daily Dose

You're not logged in!

Compare scores with friends on all Sporcle quizzes.
Join for Free
OR
Log In

You Might Also Like...

Show Comments

Extras

Top Quizzes Today


Score Distribution

Your Account Isn't Verified!

In order to create a playlist on Sporcle, you need to verify the email address you used during registration. Go to your Sporcle Settings to finish the process.

Report this User

Report this user for behavior that violates our Community Guidelines.

Details: